| 000 | 00330nam a2200097Ia 4500 | ||
|---|---|---|---|
| 082 | _a232|GERH | ||
| 245 | 0 | _aFrom Jesus Christ to Christianity : early Christian literature in context | |
| 100 |
_a Van den Heever, G. Pretoria, South Africa, ©200 1st ed _961622 |
||
| 942 | _cBK | ||
| 008 | 210817s9999 xx 000 0 und d | ||
| 999 |
_c194225 _d194224 |
||